| 000 | 00450nam a2200181Ia 4500 | ||
|---|---|---|---|
| 003 | OSt | ||
| 005 | 20230627161430.0 | ||
| 008 | 210423s9999 xx 000 0 und d | ||
| 040 | _cAL | ||
| 041 | _aeng | ||
| 082 |
_a370 _223 _bBUCP |
||
| 245 | _aPerspectives in education: journal. | ||
| 260 |
_bSociety for Education & Resource _c2021 |
||
| 365 | _cINR | ||
| 440 | _v7 ,3 | ||
| 906 | _aeducation: ; journal. ; Perspectives | ||
| 942 |
_2ddc _cBK |
||
| 999 |
_c173103 _d173103 |
||